Countries of the World Quiz 4 Minute Sprint - Statistics

General Stats
  • This quiz has been taken 8,591 times
  • The average score is 147 of 196
Answers on the Map
Answers color-coded by a green-red scale on the quiz's map according to % correct below.
 
Answer Stats
Country % Correct
Canada
94%
Mexico
93%
United States
93%
France
92%
United Kingdom
92%
China
91%
Iceland
91%
Ireland
91%
Brazil
90%
Denmark
90%
India
90%
Italy
90%
Norway
90%
Portugal
90%
Spain
90%
Finland
89%
Germany
89%
Russia
89%
Sweden
89%
Japan
88%
Argentina
87%
Australia
87%
Chile
87%
Egypt
87%
Peru
87%
Turkey
87%
Colombia
86%
Iran
86%
Iraq
86%
Poland
86%
Ukraine
86%
Belgium
85%
Cuba
85%
Greece
85%
Mongolia
85%
Oman
85%
Panama
85%
Belarus
84%
Ecuador
84%
Estonia
84%
Netherlands
84%
Romania
84%
Austria
83%
Bolivia
83%
Lithuania
83%
South Korea
83%
United Arab Emirates
83%
Laos
82%
Latvia
82%
Nepal
82%
Yemen
82%
Andorra
81%
Bulgaria
81%
Democratic Republic of the Congo
81%
Haiti
81%
Indonesia
81%
Niger
81%
North Korea
81%
Pakistan
81%
Paraguay
81%
Saudi Arabia
81%
Thailand
81%
Uruguay
81%
Venezuela
81%
Vietnam
81%
Chad
80%
Costa Rica
80%
Croatia
80%
Czech Republic
80%
Guatemala
80%
Libya
80%
Slovenia
80%
Sudan
80%
Switzerland
80%
Syria
80%
Albania
79%
Algeria
79%
Bahamas
79%
Belize
79%
Bhutan
79%
Bosnia and Herzegovina
79%
Cambodia
79%
Dominican Republic
79%
Jordan
79%
Malta
79%
Moldova
79%
Monaco
79%
Morocco
79%
Nicaragua
79%
Nigeria
79%
Serbia
79%
Slovakia
79%
Armenia
78%
Guyana
78%
Honduras
78%
Hungary
78%
Israel
78%
Kazakhstan
78%
Qatar
78%
Republic of the Congo
78%
Suriname
78%
Afghanistan
77%
Bahrain
77%
Central African Republic
77%
Cyprus
77%
Georgia
77%
Jamaica
77%
Kuwait
77%
Malaysia
77%
New Zealand
77%
Azerbaijan
76%
Bangladesh
76%
Mali
76%
Myanmar
76%
Philippines
76%
Sri Lanka
76%
Taiwan
76%
Vatican City
76%
El Salvador
75%
Kosovo
74%
Luxembourg
74%
North Macedonia
74%
San Marino
74%
South Sudan
74%
Tunisia
74%
Dominica
73%
Fiji
73%
Montenegro
73%
Brunei
72%
Ethiopia
72%
Lebanon
72%
Maldives
72%
Madagascar
71%
Papua New Guinea
71%
Singapore
71%
Somalia
71%
Barbados
70%
Liechtenstein
70%
Palau
70%
South Africa
70%
Tonga
70%
Eritrea
69%
Ghana
69%
Kenya
69%
Nauru
69%
Gabon
68%
Kiribati
68%
Kyrgyzstan
68%
Saint Kitts and Nevis
68%
Samoa
68%
Vanuatu
68%
Benin
67%
Cameroon
67%
Tajikistan
67%
Togo
67%
Turkmenistan
67%
Tuvalu
67%
Uzbekistan
67%
Angola
66%
Mauritius
66%
Saint Lucia
66%
Antigua and Barbuda
65%
Grenada
65%
Djibouti
64%
Mauritania
64%
Saint Vincent and the Grenadines
64%
Senegal
64%
Seychelles
64%
Trinidad and Tobago
64%
Comoros
63%
Namibia
63%
Tanzania
63%
East Timor
62%
Federated States of Micronesia
62%
Gambia
59%
Guinea
59%
Rwanda
59%
Uganda
59%
Lesotho
58%
Burundi
57%
Malawi
57%
Marshall Islands
56%
Mozambique
56%
Solomon Islands
56%
Botswana
55%
Eswatini
55%
Zambia
55%
Cape Verde
54%
Zimbabwe
53%
Guinea-Bissau
52%
Liberia
51%
São Tomé and Príncipe
51%
Burkina Faso
47%
Ivory Coast
47%
Sierra Leone
44%
Equatorial Guinea
42%
No matching quizzes found
Score Distribution
Percent of People with Each Score
Percentile by Number Answered
Your Score History
You have not taken this quiz